LEADER 00696cam0-2200253 --450 001 9910290358903321 005 20181107132740.0 100 $a20181107d1947----km y0itay50 ----ba 101 0 $afre 102 $aFR 200 1 $aCours d'automobile$fMarcel Vaillaud 205 $a4e e?d. 210 $aParis$cL. Eyrolles$d1947 215 $a432 p$cill.$d24 cm 610 0 $aAutomobili 700 1$aVaillaud,$bMarcel$0760045 712 02$aEcole nationale supe?rieure des te?le?communications$c 801 0$aIT$bUNINA$gRICA$2UNIMARC 901 $aBK 912 $a9910290358903321 952 $aQ1/11$b1736$fDINTR 959 $aDINTR 996 $aCours d'automobile$91537219 997 $aUNINA